Quantifying corruption at a subnational level
Návrh metodiky kvantifikácie miery korupcie v jednotlivých regiónoch Českej republiky. Regionálny index vnímania korupcie. Vplyv korupcie na fungovanie štátu a boj proti korupcii.
Guardado en:
| Autor principal: | |
|---|---|
| Otros Autores: | |
| Formato: | Capítulo de libro |
| Lenguaje: | inglés |
| Materias: | |
| Etiquetas: |
Sin Etiquetas, Sea el primero en etiquetar este registro!
|
MARC
| LEADER | 00000naa a2200000 4500 | ||
|---|---|---|---|
| 001 | 0204237 | ||
| 005 | 20231207103019.5 | ||
| 041 | 0 | |a eng | |
| 044 | |a CZ | ||
| 245 | 1 | 0 | |a Quantifying corruption at a subnational level |c Veronika Linhartová, Jolana Volejníková |
| 520 | |a Návrh metodiky kvantifikácie miery korupcie v jednotlivých regiónoch Českej republiky. Regionálny index vnímania korupcie. Vplyv korupcie na fungovanie štátu a boj proti korupcii. | ||
| 610 | 2 | 0 | |a korupcia |
| 610 | 2 | 0 | |a regióny |
| 610 | 2 | 0 | |a Česko |
| 610 | 2 | 0 | |a indexy |
| 610 | 2 | 0 | |a transparentnosť |
| 100 | 1 | |a Linhartová, Veronika | |
| 700 | 1 | |a Volejníková, Jolana | |